01658nam a22003734a 4500001001100000003000800011006001900019007001500038008004100053010001700094020002600111020002200137040002100159035002000180050002300200082002400223100002000247245009300267260006400360300002300424490006300447504006400510533015200574650002500726650002400751650008000775650008000855650005700935650005700992655002901049710001701078830006401095856012501159ebr5006352CaPaEBRm u cr cn|||||||||001106s2001 enka sb 001 0 eng  z 00065086  z0521623804 (hardback) z0521625556 (pbk.) aCaPaEBRcCaPaEBR a(OCoLC)5128388514aML855b.S79 2001eb04a787.2/143/090332211 aStowell, Robin.14aThe early violin and violah[electronic resource] :ba practical guide /cRobin Stowell. aCambridge ;aNew York :bCambridge University Press,c2001. axv, 234 p. :bill.1 aCambridge handbooks to the historical performance of music aIncludes bibliographical references (p. 213-223) and index. aElectronic reproduction.bPalo Alto, Calif. :cebrary,d2013.nAvailable via World Wide Web.nAccess may be limited to ebrary affiliated libraries. 0aViolinxPerformance. 0aViolaxPerformance. 0aInstrumental musicy18th centuryxInterpretation (Phrasing, dynamics, etc.) 0aInstrumental musicy19th centuryxInterpretation (Phrasing, dynamics, etc.) 0aPerformance practice (Music)xHistoryy18th century. 0aPerformance practice (Music)xHistoryy19th century. 7aElectronic books.2local2 aebrary, Inc. 0aCambridge handbooks to the historical performance of music.40uhttp://site.ebrary.com/lib/rucke/Doc?id=5006352zAn electronic book accessible through the World Wide Web; click to view